Grumpy monkey / (Record no. 50232)
| 000 -LEADER | |
|---|---|
| fixed length control field | 00291nam a2200109 4500 |
| 020 ## - INTERNATIONAL STANDARD BOOK NUMBER | |
| International Standard Book Number | 9780593123997 |
| 100 ## - MAIN ENTRY--PERSONAL NAME | |
| Personal name | Lang, Suzanne |
| 9 (RLIN) | 87273 |
| 245 ## - TITLE STATEMENT | |
| Title | Grumpy monkey / |
| Statement of responsibility, etc | Suzanne Lang & Max Lang |
| 260 ## - PUBLICATION, DISTRIBUTION, ETC. (IMPRINT) | |
| Place of publication, distribution, etc | New York |
| Name of publisher, distributor, etc | Random House |
| Date of publication, distribution, etc | 2018 |
| 300 ## - PHYSICAL DESCRIPTION | |
| Extent | unpaged. |
| Other physical details | col ill. |
| Dimensions | 19 cm. |
| 942 ## - ADDED ENTRY ELEMENTS (KOHA) | |
| Source of classification or shelving scheme | |
| Koha item type | Board Book |
| Withdrawn status | Lost status | Source of classification or shelving scheme | Damaged status | Not for loan | Home library | Current library | Shelving location | Date acquired | Total Checkouts | Full call number | Barcode | Date last seen | Price effective from | Koha item type |
|---|---|---|---|---|---|---|---|---|---|---|---|---|---|---|
| Asian Hope Early Years Library | Asian Hope Early Years Library | Easy Reading | 03/09/2026 | BB E LAN | 208027 | 03/09/2026 | 03/09/2026 | Board Book |